000 00192 a2200097 4500
001 12209
100 _aYounas Butt
245 _aShetanian
260 _a
_bSang-e-Meel
_c
090 _c9425
_d9425
942 _aNUST-CAE
_cM
_c36295
999 _c247282
_d247282